000 00561nam a2200205Ia 4500
005 20250508152839.0
008 008 250505s9999 xx 000 0 eng d
037 _aTextual
040 _aFEDL
_beng
_cFEDL
041 _aeng
_2eng
084 _a150, SAN
_qFEDL
100 _aSanford Fillmore H
245 0 _aPsychology: A scientific study of man
260 _aSan Francisco
_bWadsworth Publishing Company
_c1961
300 _a569p.
365 _aUSD
_b7.95
650 _aPsychology
942 _cTEXL
_h150, SAN
999 _c1339170
_d1339170